000 00785nam a22001937a 4500
003 UA-OsUOA
001 12489
007 ta
008 20050518b un ||||| |||| 00| 0 ukr d
100 _aКондрацова Л.
700 _aКондрацов М.
942 _cSA
040 _aUA-OsUOA
_cUA-OsUOA
_dUA-OsUOA
245 _aНіколи, ніколи не буде вкраїна рабою фашистських катів : До 60-річчя перемоги у Другій світовій війні : Бінарний урок з української літератури та історії України в 11 класі
300 _aС.13-17
955 _a0
773 0 _w0
_tДивослово
_dКиїв
_d2005
_g№5
650 7 _aІсторія України
_2UDC
999 _c298650
_d298650